[Event "ICS rated blitz match"]
[Site "204.178.125.65"]
[Date "1999.11.02"]
[Round "?"]
[White "Hossa"]
[Black "MissSilicon"]
[Result "0-1"]
[WhiteElo "2437"]
[BlackElo "2685"]
[Annotator "Hiarcs 7.32 (22s)"]
[PlyCount "129"]
[EventDate "1999.??.??"]

1. e4 c5 2. Nf3 Nc6 3. d4 cxd4 4. Nxd4 Nf6 5. Nc3 d6 6. Bc4 e6 7. Be3 Be7 8.
Qe2 O-O 9. O-O-O a6 10. Rhe1 $11 (10. g4 Qc7 (10... Nxd4 11. Bxd4 b5 12. Bb3 b4
(12... Qc7 13. g5 Nd7 14. h4 Nc5 15. Kb1 Bd7 16. e5 Nxb3 17. cxb3 dxe5 18. Bxe5
Qb7 19. Bd4 f6 20. gxf6 gxf6 21. Rhg1+ Kh8 22. f4 a5 23. Qh5 b4 24. Ne2 a4 25.
bxa4 Qe4+ 26. Ka1 Rxa4 27. Nc1 e5 28. Qh6 Rf7 29. Bxe5 fxe5 30. Rxd7 Qxf4 31.
Qc6 b3 32. Rxe7 Rc4 33. Qxc4 {
1-0 Ganbold,O-Miersch,M/Berliner Sommer 1995/EXP 47 (33)}) 13. Na4 Bd7 14. Nb6
Bb5 15. Qf3 Rb8 16. Nc4 a5 17. Bxf6 gxf6 18. a4 bxa3 19. Nxa3 Bc6 20. Nc4 a4
21. Ba2 Qc7 22. Rhe1 Rfc8 23. Qe3 Rb5 24. Na3 Re5 25. Qd3 {
Istvandi,L-Kiss,A/HUN-chT2 1993/TD 93\10/1/2-1/2 (54)}) 11. g5 Nd7 12. Rhg1 Nc5
13. Rg3 Re8 14. Nxc6 Qxc6 15. Bd4 b5 16. Qh5 bxc4 17. Rh3 Bxg5+ 18. Qxg5 e5 19.
Nd5 Nxe4 20. Rxh7 20... Nxg5 {0-1 Bauer,M-Oberst,T/BL2-S 1990/BL2 (20)}) (10.
f4 Qc7 11. Bb3 Nxd4 12. Rxd4 Nd7 13. g4 Nc5 14. g5 f5 15. Kb1 b5 16. Rg1 Rb8
17. exf5 Rxf5 18. Nd1 a5 19. a3 Nxb3 20. cxb3 e5 21. fxe5 Rxe5 22. h4 Be6 23.
Qd2 b4 24. a4 Bxb3 25. Bf4 Rc5 26. Bxd6 Bxd6 27. Rxd6 Rc1+ 28. Qxc1 Qxd6 29.
Ne3 29... Qd3+ {0-1 Caruso,A-Mednis,E/Forli op 1992/TD 92\11 (29)}) (10. Nxc6
$5 10... bxc6 11. f4 $16) 10... Ne5 11. Bb3 {
Nun geraet Schwarz unter starken Druck.} 11... Neg4 12. Bg5 h6 13. Bh4 13...
Nxh2 $16 (13... Bd7 14. f4 e5 15. Nf5 exf4 16. Bxf6 Nxf6 17. Qf3 $14) 14. Bg3
Nfg4 15. f3 $1 {bleibt am Druecker} 15... e5 16. Nf5 16... Bg5+ $18 (16... Bxf5
17. exf5 Bg5+ 18. Kb1 18... Ne3 $18) 17. Kb1 Bxf5 18. exf5 Ne3 19. Bxh2 Nxd1
20. Rxd1 Qc7 21. Nd5 Qd8 22. Bg1 22... Rb8 $2 (22... Rc8 $18 $142) 23. Bb6 Qd7
24. Qe4 Ra8 (24... h5 $18) 25. Ba4 $1 {das war die Absicht} 25... Qc8 26. Bc7
$1 {die Pointe} 26... b5 (26... Ra7 {nuetzt auch nichts mehr} 27. Bxd6 Rd8 28.
Bxe5 $18) 27. Bb3 (27. Bxd6 Rd8 28. f6 Bxf6 29. Nxf6+ 29... gxf6 $18) 27... Qd7
28. Nb6 Qxc7 29. Nxa8 Qa7 30. Bd5 Rc8 31. g3 a5 32. Rh1 Kf8 33. Rf1 Be3 34. Rd1
Bf2 35. f6 Rb8 (35... g6 $18) 36. fxg7+ Kxg7 37. Rd2 (37. Qg4+ $142 {
damit wuerde Weiss es sich noch erleichtern} 37... Kf8 38. Qh5 $18) 37... Be3
$2 (37... Bxg3 38. Rg2 38... Kh8 $18) 38. Re2 (38. Rd1 {
erleichterte Weiss die Gewinnfuehrung} 38... Rf8 $18) 38... Bg5 39. f4 (39. Re1
{waere im Gewinnsinne praeziser} 39... Qf2 40. g4 40... Qa7 $18) 39... Bf6 (
39... f5 40. Qg2 exf4 41. gxf4 $18) 40. Qg2 Kg8 41. Rd2 Bg7 42. fxe5 dxe5 43.
Rf2 Rd8 44. Rf1 $1 {entscheidend} 44... Rd7 45. Qf3 b4 46. Kc1 a4 47. Kb1 (47.
g4 $5 {ist genauer} 47... a3 48. bxa3 e4 49. Bxe4 49... Qd4 $18) 47... a3 48.
bxa3 48... bxa3 {Damit entsteht ein starker Freibauer} 49. Qb3 Qd4 50. Bxf7+ $4
$17 {wirft den sicheren Gewinn weg.} (50. c4 $18 $142 {
und Weiss bekommt die Oberhand}) 50... Kh8 $1 {
zementiert den Vorteil. Mit der Mattdrohung Qd1} 51. c4 51... e4 $1 {
die richtige Fortsetzung, um den Vorteil festzuhalten} 52. Kc1 $4 $19 {
fuehrt zu weiteren Sorgen} (52. Nc7 52... e3 $1 {bringt Schwarz in Vorteil} 53.
Nd5 $19) 52... Qd2+ 53. Kb1 53... Rb7 $3 {
eine logische Fortsetzung. Es droht Matt} 54. Qxb7 (54. Nb6 Rxb6 55. Qxb6 Qd3+
56. Kc1 Qxf1+ 57. Kd2 Qd3+ 58. Ke1 Bc3+ 59. Kf2 Bd4+ 60. Qxd4+ Qxd4+ 61. Kg2
Qd2+ 62. Kg1 62... Qxa2 $19) 54... Qd3+ 55. Kc1 {Droht Matt: Qb8} 55... Qxf1+
56. Kd2 {Droht Matt} 56... Qd3+ 57. Ke1 (57. Kc1 {hilft auch nicht mehr} 57...
Bb2+ 58. Qxb2+ axb2+ 59. Kxb2 59... e3 $19) 57... Qxg3+ 58. Kd1 Qf3+ 59. Kc1 (
59. Kd2 e3+ 60. Kd3 Qxb7 61. Bg6 $19) 59... Bb2+ 60. Kd2 60... e3+ $19 (60...
Qd3+ 61. Ke1 Bc3+ 62. Kf2 Qd2+ 63. Kf1 Qe1+ 64. Kg2 Qe2+ 65. Kh3 Qf1+ 66. Kh4
Qh1+ 67. Kg3 Be5+ 68. Kf2 Bd4+ 69. Ke2 Qf3+ 70. Kd2 e3+ 71. Kd3 Qxb7 72. Nc7
Qxc7 73. Kxd4 e2 74. Kd3 e1=Q 75. Bg8 Qd7+ 76. Bd5 Qg7 77. c5 Qgc3#) 61. Kd3
Qxb7 62. Bd5 62... Qa7 $1 {huebsch} 63. Nb6 Qxb6 64. Ke2 Qd4 65. Kf3 0-1

[Event "ICS rated blitz match"]
[Site "204.178.125.65"]
[Date "1999.11.02"]
[Round "?"]
[White "PostModernist"]
[Black "Hossa"]
[Result "1-0"]
[WhiteElo "2606"]
[BlackElo "2447"]
[PlyCount "67"]
[EventDate "1999.??.??"]

1. e4 e5 2. Nf3 Nf6 3. d4 Nxe4 4. Bd3 d5 5. Nxe5 Nd7 6. Nxd7 Bxd7 7. O-O Qh4 8.
c4 Bd6 9. g3 Qh3 10. cxd5 Nf6 11. Re1+ Kd8 12. Bg5 Kc8 13. Bxf6 gxf6 14. Nc3
Bb4 15. Qf3 f5 16. a3 Ba5 17. Re7 Qg4 18. Qxg4 fxg4 19. Rxf7 h5 20. Re1 Kd8 21.
Ree7 Be8 22. Rg7 Bb6 23. Ne2 Ba4 24. Nf4 Re8 25. Rxe8+ Bxe8 26. Bf5 Rb8 27.
Ne6+ Kc8 28. Nxc7+ Kd8 29. d6 Ra8 30. Ne6+ Kc8 31. Nc5+ Bd7 32. Nxd7 Bd8 33.
Nc5+ Kb8 34. Rxb7# {Hossa checkmated} 1-0

[Event "ICS rated blitz match"]
[Site "204.178.125.65"]
[Date "1999.11.02"]
[Round "?"]
[White "Hossa"]
[Black "PostModernist"]
[Result "0-1"]
[WhiteElo "2438"]
[BlackElo "2615"]
[PlyCount "111"]
[EventDate "1999.??.??"]

1. Nc3 c5 2. f3 Nf6 3. e4 Nc6 4. f4 d5 5. e5 d4 6. exf6 dxc3 7. fxg7 cxd2+ 8.
Qxd2 Bxg7 9. Qxd8+ Kxd8 10. c3 Kc7 11. Be3 Bg4 12. Bxc5 b6 13. Be3 Rad8 14. Bb5
Na5 15. Ne2 Rd5 16. Ba6 Rhd8 17. O-O b5 18. Nd4 Nc4 19. Nxb5+ Rxb5 20. Bxa7 Ra5
21. Bxc4 Rxa7 22. Bxf7 Rb7 23. Rf2 Bd1 24. Bg8 h6 25. Be6 Rb6 26. f5 Rbd6 27.
Bb3 Be5 28. g3 Bg4 29. Re1 Bf6 30. Be6 h5 31. Rb1 Rd2 32. Rbf1 Bg5 33. Rxd2
Rxd2 34. Re1 Rxb2 35. Re4 Bf3 36. Rc4+ Kd6 37. Rd4+ Ke5 38. Rd3 Be4 39. h4 Bxh4
40. Re3 Rg2+ 41. Kf1 Rxg3 42. Rxg3 Bxg3 43. Ke2 Bxf5 44. Bxf5 Kxf5 45. Kf3 h4
46. a4 e5 47. c4 e4+ 48. Ke2 h3 49. Kd2 h2 50. c5 h1=Q 51. Kc2 e3 52. a5 e2 53.
Kb3 Qb7+ 54. Kc4 e1=Q 55. a6 Qee4+ 56. Kc3 {Hossa resigns} 0-1

[Event "ICS rated blitz match"]
[Site "204.178.125.65"]
[Date "1999.11.02"]
[Round "?"]
[White "Banane"]
[Black "Hossa"]
[Result "0-1"]
[WhiteElo "2225"]
[BlackElo "2430"]
[PlyCount "84"]
[EventDate "1999.??.??"]

1. d4 Nf6 2. Bg5 e6 3. e4 h6 4. Bxf6 Qxf6 5. Nf3 d6 6. e5 Qd8 7. Bd3 Be7 8. O-O
O-O 9. c3 dxe5 10. dxe5 Nc6 11. Qe2 a5 12. Qe4 f5 13. exf6 Rxf6 14. Qh7+ Kf7
15. Nh4 Ne5 16. Bc2 Bc5 17. Rd1 Bxf2+ 18. Kh1 Bxh4 19. Na3 Nd7 20. Rf1 Nf8 21.
Qe4 Kg8 22. Rad1 Rxf1+ 23. Rxf1 Bf6 24. Nc4 Qd5 25. Qe2 a4 26. Be4 Qc5 27. Bc2
a3 28. b4 Qb5 29. Bd3 Bxc3 30. Qf3 Qe8 31. Ne3 Bxb4 32. Ng4 Bd6 33. h3 e5 34.
Qe4 Ra5 35. Ne3 Ra4 36. Qf3 e4 37. Qe2 exd3 38. Qxd3 Qe5 39. Qb3+ Be6 40. Ng4
Rxg4 41. Qxe6+ Nxe6 42. hxg4 42... Qh2# {Banane checkmated} 0-1

[Event "ICS rated blitz match"]
[Site "204.178.125.65"]
[Date "1999.11.02"]
[Round "?"]
[White "Hossa"]
[Black "Banane"]
[Result "1-0"]
[WhiteElo "2438"]
[BlackElo "2217"]
[PlyCount "22"]
[EventDate "1999.??.??"]

1. Nc3 d5 2. e4 Nf6 3. exd5 Nxd5 4. Nf3 Bg4 5. Nxd5 Qxd5 6. Be2 e6 7. O-O Bd6
8. c4 Qc6 9. d4 Nd7 10. d5 exd5 11. Nd4 11... Bxe2 {Banane resigns} 1-0

[Event "ICS rated blitz match"]
[Site "204.178.125.65"]
[Date "1999.11.02"]
[Round "?"]
[White "Banane"]
[Black "Hossa"]
[Result "0-1"]
[WhiteElo "2210"]
[BlackElo "2445"]
[PlyCount "60"]
[EventDate "1999.??.??"]

1. d4 Nf6 2. Bg5 e6 3. e4 h6 4. Bxf6 Qxf6 5. Nf3 d6 6. Bd3 Nc6 7. O-O Bd7 8. c3
O-O-O 9. b4 e5 10. d5 Ne7 11. a4 Qg6 12. Re1 Bh3 13. Bf1 f5 14. exf5 Nxf5 15.
Kh1 Bg4 16. Qd3 Be7 17. Nbd2 Rhf8 18. Ne4 Nh4 19. Nxh4 Bxh4 20. f3 Bxe1 21.
Rxe1 Bd7 22. a5 a6 23. c4 Bf5 24. b5 axb5 25. cxb5 Bxe4 26. Rxe4 Kb8 27. Qc2
Rf4 28. a6 Qxe4 29. Qd2 Qb1 30. axb7 30... Qxf1# {Banane checkmated} 0-1

[Event "ICS rated blitz match"]
[Site "204.178.125.65"]
[Date "1999.11.02"]
[Round "?"]
[White "Hossa"]
[Black "Banane"]
[Result "1-0"]
[WhiteElo "2452"]
[BlackElo "2203"]
[PlyCount "129"]
[EventDate "1999.??.??"]

1. Nc3 d5 2. e4 Nf6 3. exd5 Nxd5 4. Nf3 Bg4 5. Nxd5 Qxd5 6. Be2 Nc6 7. h3 Bh5
8. d4 Rd8 9. g4 Bg6 10. Be3 e6 11. O-O Be7 12. c4 Qd7 13. Ne5 Nxe5 14. dxe5 Qc6
15. Qb3 a6 16. Rad1 O-O 17. Qc3 Be4 18. Rxd8 Rxd8 19. f3 Bg6 20. Rd1 Rxd1+ 21.
Bxd1 Bc5 22. Bb3 Qb6 23. Bxc5 Qxc5+ 24. Kf1 h6 25. h4 a5 26. Kg2 b6 27. h5 Bb1
28. a4 Qc6 29. Qd4 Qe8 30. Kg3 Kf8 31. c5 Qb8 32. cxb6 cxb6 33. Bc4 Qc7 34.
Qd6+ Qxd6 35. exd6 Bc2 36. Bb5 f6 37. d7 Ke7 38. Bc6 Bd3 39. f4 Bc2 40. Kg2 Bd3
41. Kf3 Bc2 42. Ke2 Bb1 43. Ke3 Bc2 44. Kd2 Bb1 45. Kc3 e5 46. fxe5 fxe5 47.
Kc4 e4 48. Kd4 Kd8 49. Bxe4 Ba2 50. Bd5 Bb1 51. Be6 Ke7 52. b3 Bc2 53. Kc4 Bd1
54. Kb5 Bc2 55. Kxb6 Bd1 56. Kc7 Kxe6 57. d8=Q Ke5 58. Qxd1 Kf4 59. Qe2 Kg5 60.
Qe3+ Kh4 61. Kd6 g5 62. Ke5 Kxg4 63. Qf2 Kxh5 64. Kf5 g4 65. Qh2# {
Banane checkmated} 1-0

[Event "ICS rated blitz match"]
[Site "204.178.125.65"]
[Date "1999.11.02"]
[Round "?"]
[White "matar"]
[Black "Hossa"]
[Result "0-1"]
[WhiteElo "2173"]
[BlackElo "2429"]
[PlyCount "100"]
[EventDate "1999.??.??"]

1. e4 c5 2. Nf3 Nc6 3. Bb5 a6 4. Bxc6 bxc6 5. O-O d5 6. Qe2 Bg4 7. d3 e6 8.
Nbd2 Nf6 9. h3 Bh5 10. b3 Be7 11. c4 O-O 12. Re1 Ra7 13. Nf1 Rb7 14. Ng3 Bg6
15. Nh4 Qa5 16. Nxg6 fxg6 17. Bd2 Qb6 18. Bc3 d4 19. Bd2 Qc7 20. Bg5 e5 21.
Bxf6 Bxf6 22. Nf1 Bh4 23. Ng3 Rbb8 24. Rac1 Rf4 25. Rc2 Rbf8 26. Qd1 Qe7 27.
Ree2 Qf6 28. Qe1 Bxg3 29. fxg3 Rf1+ 30. Kh2 Rxe1 31. Rxe1 a5 32. Rce2 Kf7 33.
Rg1 Ke6 34. Rge1 g5 35. Rg1 g4 36. Rge1 Qg5 37. Rd1 Ke7 38. Rb1 gxh3 39. gxh3
Rf3 40. Rg1 Rxd3 41. Rf2 Qe3 42. Rgg2 Qxe4 43. Re2 Re3 44. Ref2 Re1 45. Rd2 Qe3
46. Rdf2 Qc1 47. g4 Rh1+ 48. Kg3 Qe1 49. g5 Qe3+ 50. Kg4 50... Qxh3# {
matar checkmated} 0-1

[Event "ICS rated blitz match"]
[Site "204.178.125.65"]
[Date "1999.11.02"]
[Round "?"]
[White "Hossa"]
[Black "PostModernist"]
[Result "0-1"]
[WhiteElo "2435"]
[BlackElo "2623"]
[PlyCount "81"]
[EventDate "1999.??.??"]

1. Nc3 c5 2. f3 Nf6 3. e4 Nc6 4. g4 d6 5. Nge2 e5 6. Bg2 Be7 7. O-O O-O 8. d3
b6 9. g5 Nh5 10. h4 Be6 11. f4 Bg4 12. fxe5 Nxe5 13. Qe1 f6 14. g6 Nxg6 15. Nf4
Ngxf4 16. Bxf4 Re8 17. Nd5 Nxf4 18. Rxf4 Be6 19. Nxe7+ Qxe7 20. Qg3 Bd7 21.
Raf1 Rf8 22. c3 Be6 23. b3 a5 24. Bh3 Bxh3 25. Qxh3 a4 26. Qg2 axb3 27. axb3
Ra3 28. Qb2 Rfa8 29. b4 Qd7 30. bxc5 dxc5 31. d4 Qh3 32. R4f3 Qxh4 33. Qxb6
Qg4+ 34. Kf2 Rxc3 35. Qe6+ Qxe6 36. Rxc3 Ra2+ 37. Kg3 Qd6+ 38. e5 Qxd4 39. Rfc1
Qf2+ 40. Kh3 Qg2+ 41. Kh4 {Hossa resigns} 0-1

[Event "ICS rated blitz match"]
[Site "204.178.125.65"]
[Date "1999.11.03"]
[Round "?"]
[White "Diepeveen"]
[Black "Hossa"]
[Result "0-1"]
[WhiteElo "2368"]
[BlackElo "2427"]
[PlyCount "50"]
[EventDate "1999.??.??"]

1. e4 e6 2. d4 d5 3. Nc3 Nf6 ({0.40 Hiarcs 7.32:} 3... Bb4 4. e5 Bxc3+ 5. bxc3
Ne7 6. Bd3 6... Bd7 {0.12/6}) 4. Bg5 Be7 5. e5 Nfd7 6. Bxe7 Qxe7 7. f4 O-O 8.
Nf3 c5 9. dxc5 f6 ({0.09 Hiarcs 7.32:} 9... Nxc5 10. Qd2 f5 11. Bb5 Ne4 12.
Nxe4 12... fxe4 {0.34/7}) 10. exf6 Rxf6 11. g3 Qxc5 12. Qd2 b6 13. O-O-O Bb7
14. Bd3 Nc6 15. Rhe1 Qb4 ({0.19 Hiarcs 7.32:} 15... Nb4 16. Ng5 Nxd3+ 17. Qxd3
Nf8 18. Kb1 Rc8 19. h4 {0.46/6}) 16. Nb5 ({0.16 Hiarcs 7.32:} 16. a3 16... Qa5
17. Kb1 Nc5 18. Ng5 g6 19. Bb5 {0.80/6}) 16... Nc5 17. Qxb4 Nxb4 18. Kb1 a6 ({
0.38 Hiarcs 7.32:} 18... Ncxd3 19. cxd3 Ba6 20. Nfd4 Raf8 21. a3 Bxb5 22. Nxb5
22... Nc6 {0.09/7}) 19. Nbd4 Rh6 20. Bf1 ({1.12 Hiarcs 7.32:} 20. Be2 20... Nc6
21. Nxc6 Bxc6 22. Ne5 Ba4 23. Ng4 Rh3 24. b3 {0.48/7}) 20... Rc8 21. c3 ({
0.55 Hiarcs 7.32:} 21. f5 21... Rf8 22. c3 Nc6 23. fxe6 Nxd4 ({
3.05 Hiarcs 7.32:} 23... Nxe6 24. Nxe6 Rxf3 25. Bg2 Rf2 26. Bxd5 Na5 27. h4
Bxd5 28. Rxd5 {1.45/7}) 24. Nxd4 Rxh2 25. Be2 {1.12/7}) 21... Nc6 22. h4 Nxd4
23. Nxd4 Ne4 24. Rd3 Re8 ({-1.33 Hiarcs 7.32:} 24... Rg6 25. Rde3 Rxg3 26. Bh3
Rxe3 27. Bxe6+ Kf8 28. Rxe3 28... Rc7 {0.40/8}) 25. Bh3 ({-1.33 Hiarcs 7.32:} 
25. Bg2 25... Rf6 26. Rde3 a5 27. Nb5 Rff8 ({2.69 Hiarcs 7.32:} 27... Rd8 28.
a4 Kf7 29. Nd4 Re8 30. Bxe4 30... dxe4 {0.60/7}) 28. Bxe4 28... dxe4 {0.48/8})
25... Nf2 {Diepeveen resigns} 0-1

[Event "ICS rated blitz match"]
[Site "204.178.125.65"]
[Date "1999.11.03"]
[Round "?"]
[White "Diepeveen"]
[Black "Hossa"]
[Result "0-1"]
[WhiteElo "2355"]
[BlackElo "2440"]
[PlyCount "116"]
[EventDate "1999.??.??"]

1. d4 Nf6 2. Bg5 e6 3. e3 c5 4. c3 cxd4 5. exd4 Nc6 6. Nf3 d5 7. Bd3 Bd6 8. Qe2
O-O 9. O-O Bd7 10. Nbd2 Be7 ({0.56 Hiarcs 7.32:} 10... Qc7 11. Rfe1 Ng4 12. h3
Nf6 13. Bxf6 13... gxf6 {0.27/7}) 11. Rae1 a5 12. Ne5 Re8 13. Qf3 Rf8 ({
1.23 Hiarcs 7.32:} 13... h6 14. Bxf6 Bxf6 15. Qh5 {0.72/7}) 14. Qh3 h6 ({
5.92 Hiarcs 7.32:} 14... g6 15. f4 Nh5 16. g4 Ng7 17. Nxc6 17... Bxc6 {1.23/7})
15. Bxh6 Be8 ({3.91 Hiarcs 7.32:} 15... Nh7 16. Bxg7 Bh4 17. Bxf8 Nxf8 18. Nxd7
Nxd7 19. Nf3 Bf6 20. Qh7+ 20... Kf8 {5.92/6}) 16. Bg5 g6 17. f4 Bd7 18. Nxg6
fxg6 19. Bxg6 Rf7 20. Bxf7+ Kxf7 21. Bxf6 Bxf6 22. Qh5+ Kf8 23. Rf3 Qe7 24. Rg3
Qf7 25. Qxf7+ Kxf7 26. Rf3 Rh8 27. g3 b5 28. a3 b4 29. axb4 axb4 30. h4 Ra8 ({
1.67 Hiarcs 7.32:} 30... Nxd4 31. cxd4 Bxd4+ 32. Kg2 Bxb2 33. Nb3 Bc3 34. Rh1
Ba4 35. Rb1 {1.27/8}) 31. Nb3 bxc3 32. bxc3 Ra3 33. Rb1 Bc8 34. Kg2 Ba6 35. Rb2
Bc4 36. Nc5 Ne7 37. h5 Nf5 38. Rb7+ Be7 39. Kh3 Be2 40. Rf2 Bxh5 41. Kh2 Rxc3
42. Nd7 Nxg3 43. Ne5+ Kf6 44. Rg2 Ne2 45. Ng4+ Bxg4 46. Rxg4 Nxd4 47. Kg2 Kf5
48. Rg3 Rc2+ 49. Kf1 Kxf4 50. Rd3 Bf6 51. Rf7 Ke4 52. Rd1 Rh2 53. Re1+ Kf5 54.
Kg1 Nf3+ 55. Kf1 Nxe1 56. Kg1 Nf3+ 57. Kf1 Ng5 ({-21.10 Hiarcs 7.32:} 57... Ke5
58. Rf8 d4 59. Rf7 d3 60. Rc7 d2 61. Rd7 61... Nd4 {-16.09/6}) 58. Rf8 58...
Rh8 {Diepeveen resigns} 0-1

[Event "ICS rated blitz match"]
[Site "204.178.125.65"]
[Date "1999.11.03"]
[Round "?"]
[White "Diepeveen"]
[Black "Hossa"]
[Result "1-0"]
[WhiteElo "2343"]
[BlackElo "2452"]
[PlyCount "79"]
[EventDate "1999.??.??"]

1. e4 e6 2. d4 d5 3. Nc3 Nf6 4. Bg5 Be7 5. e5 Nfd7 6. Bxe7 Qxe7 7. f4 O-O 8.
Nf3 c5 9. dxc5 f6 10. exf6 Rxf6 11. g3 Qxc5 12. Bd3 Qb6 13. Rb1 Nc6 14. Qe2 Nc5
15. Ne5 Nxd3+ 16. Nxd3 Rf5 17. Qf2 d4 18. Ne4 Qa5+ 19. Qd2 Qd5 20. Qe2 Qxa2 21.
O-O Qd5 22. b4 a6 23. Ndc5 b6 24. Nd3 Bd7 25. g4 Rff8 26. Rbe1 Rae8 27. Ng5 Qc4
28. Qe4 g6 29. h4 Qxc2 30. h5 Kg7 31. Rf2 Qc4 32. Rh2 e5 33. hxg6 h6 34. Rxh6
Re7 ({#6 Hiarcs 7.32:} 34... Rh8 35. Rxh8 Rxh8 36. Nxe5 {1.95/4}) 35. Rh7+ Kg8
36. Qh1 Qxd3 ({0.00 Hiarcs 7.32:} 36... Rf5 37. Rh8+ Kg7 38. Qh6+ Kf6 39. Qf8+
Kxg6 40. Qh6# {#4/3}) 37. Rh8+ Kg7 38. Qh7+ Kf6 39. Rxf8+ Rf7 40. Qxf7# {
Hossa checkmated} 1-0

[Event "ICS rated blitz match"]
[Site "204.178.125.65"]
[Date "1999.11.03"]
[Round "?"]
[White "Diepeveen"]
[Black "Hossa"]
[Result "0-1"]
[WhiteElo "2364"]
[BlackElo "2431"]
[PlyCount "58"]
[EventDate "1999.??.??"]

1. f4 d5 2. Nf3 Nf6 3. d4 Bf5 4. e3 e6 5. Be2 Bd6 6. O-O O-O 7. Ne5 c5 8. c3
Nc6 9. Bd2 Ne4 10. Kh1 Rc8 11. g4 Bg6 12. Nxg6 fxg6 13. g5 Qb6 14. Qb3 Qxb3 15.
axb3 cxd4 16. cxd4 a6 17. Be1 Nb4 18. Bxb4 Bxb4 19. Nc3 Nd2 20. Bg4 Rfe8 21.
Rfe1 Nxb3 22. Ra4 Bxc3 23. bxc3 Rxc3 24. Rb4 b5 25. e4 Nc1 26. exd5 Nd3 27.
Rbb1 Nf2+ 28. Kg1 Nxg4 29. dxe6 29... Ne3 {Diepeveen resigns} 0-1

[Event "ICS rated blitz match"]
[Site "204.178.125.65"]
[Date "1999.11.03"]
[Round "?"]
[White "Diepeveen"]
[Black "Hossa"]
[Result "0-1"]
[WhiteElo "2351"]
[BlackElo "2444"]
[PlyCount "99"]
[EventDate "1999.??.??"]

1. c4 e6 2. Nc3 d5 3. cxd5 exd5 4. d4 Be7 5. Nf3 Nf6 6. Bg5 O-O 7. e3 Nbd7 8.
Be2 c5 9. O-O Re8 10. Rc1 cxd4 11. Nxd4 Nc5 12. Bf3 Nce4 13. Bh4 Nxc3 14. Rxc3
Ne4 15. Bxe4 Bxh4 16. Bf3 Be6 17. Qd2 Bf6 18. Rfc1 Be5 19. g3 Qa5 20. a3 Bh3
21. R3c2 Qd8 22. Rc5 Be6 23. Bg2 Re7 24. h4 Bd6 25. R5c2 Rd7 26. Nb5 Bf5 27.
Rc3 Be5 28. Nd4 Be4 29. Rc5 Bd6 30. R5c3 Bxg2 31. Kxg2 a6 32. Rd3 Qe7 33. Kg1
Qf6 34. Qe2 Rad8 35. Qf3 Qe5 36. Rcd1 Bc5 37. Ne2 Qxb2 38. Rxd5 Rxd5 39. Rxd5
Rxd5 40. Qxd5 Bxa3 41. Qd8+ Bf8 42. Nd4 Qb1+ 43. Kh2 Qf1 44. f4 Qf2+ 45. Kh3
Qxe3 46. h5 Qd3 47. h6 Qf1+ 48. Kh2 g6 49. Qf6 Bxh6 50. Ne6 {Diepeveen resigns}
0-1

[Event "ICS rated blitz match"]
[Site "204.178.125.65"]
[Date "1999.11.03"]
[Round "?"]
[White "Hossa"]
[Black "ljb"]
[Result "1-0"]
[WhiteElo "2456"]
[BlackElo "2204"]
[PlyCount "53"]
[EventDate "1999.??.??"]

1. e4 e6 2. d4 d5 3. Nc3 Nf6 4. Bd3 c5 5. exd5 exd5 6. Nf3 c4 7. Be2 Be7 8. O-O
O-O 9. Bf4 a6 10. Ne5 Bf5 11. Bg5 h6 12. Bxf6 Bxf6 13. Bg4 Bxe5 14. Bxf5 Bf6
15. Ne2 Nc6 16. c3 b5 17. Ng3 a5 18. Re1 Qd6 19. Qh5 Rfe8 20. Bc2 Ne7 21. Qg4
Bg5 22. Re2 Qf4 23. Qd7 b4 24. Nf5 Rad8 25. Nxe7+ Bxe7 26. Rxe7 Rxd7 27. Rxe8#
{ljb checkmated} 1-0

[Event "ICS rated blitz match"]
[Site "204.178.125.65"]
[Date "1999.11.03"]
[Round "?"]
[White "ljb"]
[Black "Hossa"]
[Result "0-1"]
[WhiteElo "2198"]
[BlackElo "2462"]
[PlyCount "51"]
[EventDate "1999.??.??"]

1. d4 Nf6 2. c4 e6 3. Bg5 d5 4. e3 Bd6 5. Bxf6 Qxf6 6. c5 Be7 7. Nf3 Nd7 8. Be2
e5 9. O-O c6 10. Nc3 O-O 11. b4 Re8 12. a4 a5 13. b5 exd4 14. Nxd4 Bxc5 15.
bxc6 bxc6 16. Rc1 Rb8 17. Qc2 Bxd4 18. exd4 Qxd4 19. Bf3 Ne5 20. Be2 Qf4 21.
Nd1 Bf5 22. Qc5 Nd7 23. Qxc6 Rxe2 24. Qxd5 Qxc1 25. Qxf5 Rd2 26. Qe4 {
ljb resigns} 0-1

[Event "ICS rated blitz match"]
[Site "204.178.125.65"]
[Date "1999.11.03"]
[Round "?"]
[White "Hossa"]
[Black "ljb"]
[Result "1-0"]
[WhiteElo "2468"]
[BlackElo "2192"]
[PlyCount "77"]
[EventDate "1999.??.??"]

1. e4 e6 2. d4 d5 3. Nc3 Nf6 4. Bd3 Be7 5. e5 Nfd7 6. Qg4 g6 7. Bh6 c5 8. Nf3
Nc6 9. Nb5 c4 10. Be2 Qa5+ 11. Nc3 b5 12. O-O f5 13. Qh3 Kd8 14. Bg7 Re8 15.
Qxh7 Kc7 16. Qxg6 Rg8 17. Qf7 Bb7 18. a4 b4 19. Nb5+ Kb6 20. Bh6 Rae8 21. Qxe6
Rd8 22. Qxf5 a6 23. Nd6 Bxd6 24. exd6 Ka7 25. Bg5 Rxg5 26. Qxg5 b3 27. cxb3
cxb3 28. Bb5 Ncb8 29. Bc4 Qb6 30. Bxd5 Bxd5 31. Qxd5 Nc6 32. Rfc1 Ndb8 33. a5
Qb7 34. Ne5 Ka8 35. Nxc6 Nxc6 36. Rxc6 Rd7 37. Rc8+ Ka7 38. Qc5+ Qb6 39. Qxb6#
{ljb checkmated} 1-0

[Event "ICS rated blitz match"]
[Site "204.178.125.65"]
[Date "1999.11.03"]
[Round "?"]
[White "ljb"]
[Black "Hossa"]
[Result "0-1"]
[WhiteElo "2187"]
[BlackElo "2473"]
[PlyCount "48"]
[EventDate "1999.??.??"]

1. d4 Nf6 2. c4 e6 3. Bg5 d5 4. e3 Bd6 5. Nf3 O-O 6. Nc3 c6 7. c5 Be7 8. Be2 b6
9. b4 a5 10. a3 axb4 11. axb4 Rxa1 12. Qxa1 Nbd7 13. O-O Qc7 14. Qa3 bxc5 15.
bxc5 e5 16. Rb1 exd4 17. exd4 Re8 18. g3 Ne4 19. Bf4 Qd8 20. Nxe4 dxe4 21. Nd2
Nf6 22. Rb8 Qxd4 23. Be3 Qe5 24. Nc4 24... Qxb8 {ljb resigns} 0-1

[Event "ICS rated blitz match"]
[Site "204.178.125.65"]
[Date "1999.11.03"]
[Round "?"]
[White "Hossa"]
[Black "Rabbit-Basher"]
[Result "1/2-1/2"]
[WhiteElo "2478"]
[BlackElo "2153"]
[PlyCount "87"]
[EventDate "1999.??.??"]

1. e4 c5 2. Nf3 d6 3. Bb5+ Bd7 4. Bxd7+ Nxd7 5. O-O Ngf6 6. Re1 e6 7. d3 Be7 8.
c4 O-O 9. Bf4 e5 10. Be3 Ne8 11. Nc3 Nc7 12. Qb3 b6 13. Rad1 Nb8 14. Qa4 Qd7
15. Qxd7 Nxd7 16. Re2 Nb8 17. Nd5 Nxd5 18. exd5 Nd7 19. Rde1 Bf6 20. a4 g6 21.
Nd2 Be7 22. f4 f5 23. Nf3 Bf6 24. Bd2 Rae8 25. Bc3 Re7 26. fxe5 Nxe5 27. Nxe5
Bxe5 28. Bxe5 Rfe8 29. Kf2 Rxe5 30. Rxe5 Rxe5 31. Rxe5 dxe5 32. h4 Kf7 33. Ke3
Ke7 34. Kd2 Kd6 35. b3 h6 36. Ke3 g5 37. h5 a6 38. Kd2 f4 39. Ke2 g4 40. Ke1
Ke7 41. Kf2 Kd6 42. Kg1 Ke7 43. Kf2 Kd6 44. Kg1 {Game drawn by mutual agreement
} 1/2-1/2

[Event "ICS rated blitz match"]
[Site "204.178.125.65"]
[Date "1999.11.03"]
[Round "?"]
[White "Rabbit-Basher"]
[Black "Hossa"]
[Result "1-0"]
[WhiteElo "2165"]
[BlackElo "2466"]
[PlyCount "69"]
[EventDate "1999.??.??"]

1. e4 e6 2. d4 d5 3. Nc3 Nf6 4. Bg5 Be7 5. e5 Ng8 6. Bxe7 Nxe7 7. f4 Ng6 8. Qd2
O-O 9. Nf3 b6 10. O-O-O c5 11. h4 Ne7 12. g4 Nbc6 13. Nb5 f6 14. Be2 fxe5 15.
dxe5 Ng6 16. h5 Nxf4 17. h6 gxh6 18. Rxh6 a6 19. Bd3 axb5 20. Bxh7+ Kg7 21. Qh2
Rxa2 22. Kb1 Ra4 23. Rh1 Bb7 24. Bg6 Ra1+ 25. Kxa1 Nh3 26. Qxh3 Qa8+ 27. Kb1
Qa1+ 28. Kxa1 Ra8+ 29. Kb1 Ra1+ 30. Kxa1 Nxe5 31. Nxe5 d4 32. g5 Kf8 33. Rh7
Ba6 34. Qxe6 c4 35. Qf7# {Hossa checkmated} 1-0